Bharateeya shikshan (Record no. 22711)

MARC details
000 -LEADER
fixed length control field 00561nam a22001577a 4500
008 - FIXED-LENGTH DATA ELEMENTS--GENERAL INFORMATION
fixed length control field 090131t xxu||||| |||| 00| 0 eng d
040 ## - CATALOGING SOURCE
Original cataloging agency dpl
082 ## - DEWEY DECIMAL CLASSIFICATION NUMBER
Classification number 370
245 ## - TITLE STATEMENT
Title Bharateeya shikshan
260 ## - PUBLICATION, DISTRIBUTION, ETC. (IMPRINT)
Place of publication, distribution, etc Mumabi
Name of publisher, distributor, etc BSM Prakashan
Date of publication, distribution, etc 2008-
300 ## - PHYSICAL DESCRIPTION
Extent v.
Dimensions 24 cm
310 ## - CURRENT PUBLICATION FREQUENCY
Current publication frequency monthly
270 ## - ADDRESS
Address 189, D-43, Ashish Co-op Soc., Sector-1, Kandivili
City Mumbai
Postal code 400067
Telephone number 28691908
Fax number 28691503
Electronic mail address bsmmumbai@mtnl.net.in
942 ## - ADDED ENTRY ELEMENTS (KOHA)
Source of classification or shelving scheme Dewey Decimal Classification
Item type Periodicals
Classification part 370
Call number suffix BHA
Serial record 1
Holdings
Withdrawn status Lost status Source of classification or shelving scheme Damaged status Not for loan Collection code Home library Current library Date acquired Total Checkouts Full call number Date last seen Price effective from Koha item type
    Dewey Decimal Classification   Not For Loan Non-fiction D.B.Act.Division D.B.Act.Division 31/01/2009   370 BHA 31/01/2009 31/01/2009 Periodicals

© Delhi Public Library
Hit Counter
free hit counter